Vegertabe farmers' practice in crop protection a case study in kien svay district kandal province របៀបការពារ និងកំចាត់សត្វល្អិតលើដំណាំបន្លែនៅស្រុកកៀនស្វាយ ខេត្តកណ្តាល (Record no. 339)

000 -LEADER
fixed length control field 00655nam a22001577a 4500
003 - CONTROL NUMBER IDENTIFIER
control field OSt
005 - DATE AND TIME OF LATEST TRANSACTION
control field 20150913083855.0
008 - FIXED-LENGTH DATA ELEMENTS--GENERAL INFORMATION
fixed length control field 150913b xxu||||| |||| 00| 0 eng d
040 ## - CATALOGING SOURCE
Transcribing agency RUA
082 ## - DEWEY DECIMAL CLASSIFICATION NUMBER
Classification number AGR HEA 1996 B016 Or.1
100 ## - MAIN ENTRY--PERSONAL NAME
9 (RLIN) 356
Personal name HEAS. KHEMARA
245 ## - TITLE STATEMENT
Title Vegertabe farmers' practice in crop protection a case study in kien svay district kandal province របៀបការពារ និងកំចាត់សត្វល្អិតលើដំណាំបន្លែនៅស្រុកកៀនស្វាយ ខេត្តកណ្តាល
260 ## - PUBLICATION, DISTRIBUTION, ETC. (IMPRINT)
Place of publication, distribution, etc. Phnom Penh
Name of publisher, distributor, etc. RUA
Date of publication, distribution, etc. 1996
300 ## - PHYSICAL DESCRIPTION
Extent 40p.
Other physical details ill.
Dimensions 29cm.
942 ## - ADDED ENTRY ELEMENTS (KOHA)
Source of classification or shelving scheme
Koha item type AGR
Holdings
Price effective from Date last seen Permanent Location Not for loan Date acquired Date last checked out Source of classification or shelving scheme Total Checkouts Koha item type Barcode Lost status Damaged status Withdrawn status Current Location Full call number
2015-09-132015-09-13Library Block B 2015-09-13   AGRRUA003319   Library Block BAGR MEA 1996 B016 Or.1
2015-09-132015-09-13Library Block B 2015-09-13   AGRRUA003755   Library Block BAGR MEA 1996 B016 Or.2
2015-09-132015-09-13Library Block B 2015-09-13   AGRRUA003965   Library Block BAGR MEA 1996 B016 Or.3
2015-09-132021-11-29Library Block B 2015-09-132021-11-26 1AGRRUA004454   Library Block BAGR MEA 1996 B016 Or.4
2015-09-132015-09-13Library Block B 2015-09-13   AGRRUA005285   Library Block BAGR MEA 1996 B016 Or.5
2015-09-132015-09-13Library Block B 2015-09-13   AGRRUA004171   Library Block BAGR MEA 1996 B016 Or.6
មជ្ឈមណ្ឌលឯការនៃសាកលវិទ្យាល័យភូមិន្ទកសិកម្មចំការដូង

Powered by Koha